000 00669nam a2200241Ia 4500
003 OSt
005 20220926014110.0
006 a|||||r|||| 00| 0
007 ta
008 220923b |||||||| |||| 00| 0 eng d
037 _cGeneral Book
040 _aRTL
_cRTL
_beng
041 _2eng
_aeng
082 _aXM8:8F, M5
100 _aEvans Thomas G, etc
_9319771
245 0 _aInternational accounting and reporting
260 _aNew York
_bMacmillan
_c1985
300 _axix, 412p
_ccm.
500 _aBibliography chapterwise
650 _aMultinational
942 _hXM8:8F, M5
_cGB
_2CC
999 _c627839
_d627839